Statistics for Biggest Towns of English Counties

Click here to take the quiz!

General Stats

  • This quiz has been taken 41 times
  • The average score is 23 of 47

Answers on the Map

Answers color-coded by a green-red scale on the quiz's map according to % correct below.
 

Answer Stats

CountyTown% Correct
BerkshireReading
81%
BedfordshireLuton
77%
North YorkshireMiddlesbrough
73%
SuffolkIpswich
69%
WiltshireSwindon
69%
West YorkshireHuddersfield
65%
LancashireBlackpool
62%
NorthamptonshireNorthampton
62%
HertfordshireWatford
62%
DorsetBournemouth
58%
South YorkshireDoncaster
58%
LincolnshireGrimsby
58%
KentMaidstone
58%
CheshireWarrington
58%
GloucestershireCheltenham
54%
DerbyshireChesterfield
54%
NorfolkKings Lynn
54%
NottinghamshireMansfield
54%
Isle of WightRyde
54%
ShropshireTelford
54%
OxfordshireBanbury
50%
MerseysideBirkenhead
50%
Greater ManchesterBolton
50%
Tyne and WearGateshead
50%
BuckinghamshireMilton Keynes
50%
RutlandOakham
50%
DevonTorquay
50%
SomersetWeston-Super-Mare
50%
LeicestershireLoughborough
46%
NorthumberlandBlyth
42%
County DurhamDarlington
42%
East SussexEastbourne
42%
SurreyGuildford
42%
HampshireBasingstoke
38%
WorcestershireRedditch
38%
StaffordshireTamworth
38%
East YorkshireBridlington
35%
HerefordshireLeominster
35%
WarwickshireNuneaton
35%
CornwallRedruth/Camborne
35%
West MidlandsSolihull
35%
West SussexWorthing
35%
CumbriaBarrow-In-Furness
31%
Greater LondonCroydon
31%
EssexSouthend-on-Sea
31%
CambridgeshireWisbech
23%
City of BristolClifton
12%

Score Distribution

Percentile by Number Answered

Percent of People with Each Score

Your Score History

You have not taken this quiz